Maritime law. (Record no. 27210)

000 -LEADER
fixed length control field 02790cam a2200397Ii 4500
006 - FIXED-LENGTH DATA ELEMENTS--ADDITIONAL MATERIAL CHARACTERISTICS--GENERAL INFORMATION
fixed length control field m d
007 - PHYSICAL DESCRIPTION FIXED FIELD--GENERAL INFORMATION
fixed length control field cr |||||||||||
008 - FIXED-LENGTH DATA ELEMENTS--GENERAL INFORMATION
fixed length control field 200820s2021 enka o 000 0 eng d
020 ## - INTERNATIONAL STANDARD BOOK NUMBER
International Standard Book Number 9781000202786
Qualifying information (R) electronic publication
International Standard Book Number 100020278X
Qualifying information (R) electronic publication
International Standard Book Number 9781000202649
Qualifying information (R) electronic book
International Standard Book Number 100020264X
Qualifying information (R) electronic book
International Standard Book Number 9781000202717
Qualifying information (R) Mobipocket electronic book
International Standard Book Number 1000202712
Qualifying information (R) Mobipocket electronic book
International Standard Book Number 9781003046943
Qualifying information (R) electronic book
International Standard Book Number 1003046940
Qualifying information (R) electronic book
Qualifying information (R) hardcover
Qualifying information (R) paperback
040 ## - CATALOGING SOURCE
Original cataloging agency OCoLC-P
Language of cataloging eng
Description conventions rda
-- pn
072 #7 - SUBJECT CATEGORY CODE
Subject category code LAW
Subject category code subdivision 066000
Source bisacsh
Subject category code LBDM
Source bicssc
082 04 - DEWEY DECIMAL CLASSIFICATION NUMBER
Classification number 343.41096
Edition number 23
130 0# - MAIN ENTRY--UNIFORM TITLE
Uniform title Southampton on shipping law.
245 10 - TITLE STATEMENT
Title Maritime law.
250 ## - EDITION STATEMENT
Edition statement Fifth edition /
Remainder of edition statement edited by Yvonne Baatz.
260 ## - PUBLICATION, DISTRIBUTION, ETC. (IMPRINT)
Place of publication, distribution, etc London
Name of publisher, distributor, etc Taylor & Francis Group
Date of publication, distribution, etc 2020
300 ## - PHYSICAL DESCRIPTION
Extent 1 online resource :
Other physical details illustrations (black and white).
490 1# - SERIES STATEMENT
Series statement Maritime and transport law library
520 ## - SUMMARY, ETC.
Summary, etc Now in its fifth edition, this authoritative guide covers all of the core aspects of maritime law in one distinct volume. Maritime Law is written by a team of leading academics and practitioners, each expert in their own field. Together, they provide clear, concise and fully up-to-date coverage of topics ranging from bills of lading to arrest of ships, all written in an accessible and engaging style. As English law is heavily relied on throughout the maritime world, this book is grounded in English law whilst continuing to analyse the key international conventions currently in force. Brand new coverage includes: The impact of the European Union (Withdrawal Agreement) Act 2020 which amends the European Union (Withdrawal) Act 2018. Over one hundred new cases from the English courts, the Court of Justice of the European Union and the International Tribunal for the Law of the Sea. Changes to the Merchant Shipping (Registration of Ships) Regulations 1993, including the Merchant Shipping (Registration of Ships) (Amendment) (EU exit) Regulations 2019. Discussion of the Incoterms 2020 which are available for incorporation into sale contracts from 1 January 2020. Updates on litigation and amendments to the Admiralty Civil Procedure Rules. This book is a comprehensive reference source for students, academics and legal practitioners worldwide, especially those new to maritime law or a particular field therein.
650 #0 - SUBJECT ADDED ENTRY--TOPICAL TERM
Topical term or geographic name as entry element Maritime law
Geographic subdivision Great Britain.
Topical term or geographic name as entry element LAW / Maritime
Source of heading or term bisacsh
700 1# - ADDED ENTRY--PERSONAL NAME
Personal name Baatz, Yvonne,
Relator term editor.
856 40 - ELECTRONIC LOCATION AND ACCESS
Uniform Resource Identifier <a href="https://www.taylorfrancis.com/books/9781003046943">https://www.taylorfrancis.com/books/9781003046943</a>
Uniform Resource Identifier <a href="http://www.oclc.org/content/dam/oclc/forms/terms/vbrl-201703.pdf">http://www.oclc.org/content/dam/oclc/forms/terms/vbrl-201703.pdf</a>
942 ## - ADDED ENTRY ELEMENTS (KOHA)
Item type E-Book

No items available.

Designed and Maintained by IMU-KC Library, Kolkata Campus © Copyright All Rights Reserved

webs counters

Powered by Koha